=LDR 00000nam 2200000 4500 =001 INLIS000000000041551 =005 20130612151059 =008 ***********************************ind** =035 ##$$0010-061300000041551 =041 ##$$a ind =100 ##$$a hadiat =245 ##$$a ipa untuk sekolah dasar kelas 4 =260 ##$$a 1994 $b jakarta =300 ##$$a 127 hlm =850 ##$$a NBPNMAT